Statistics for Languages of Austria-Hungary with a Map

Click here to take the quiz!

General Stats

  • This quiz has been taken 948 times
  • The average score is 13 of 15

Answers on the Map

Answers color-coded by a green-red scale on the quiz's map according to % correct below.
Loading ...
 

Answer Stats

Languages% Correct
Hungarian
100%
German
100%
Romanian
99%
Polish
99%
Croatian
99%
Italian
98%
Czech
98%
Serbian
98%
Slovak
98%
Ukrainian
98%
Slovene
97%
Bosnian
95%
Rusyn
47%
Ladin
32%
Friulian
27%

Score Distribution

Percentile by Number Answered

Percent of People with Each Score

Your Score History

You have not taken this quiz